| 000 | 00572nam a2200193Ia 4500 | ||
|---|---|---|---|
| 003 | IN-BaIIA | ||
| 008 | 211028s9999 xx 000 0 eng d | ||
| 020 | _a978-1-4419-1648-8 | ||
| 040 | _cIIA Library | ||
| 080 |
_a52 _bNOR |
||
| 100 |
_aNordgren, Tyler _933926 |
||
| 245 | 0 |
_aStars above, earth below: a guide to astronomy in the National Parks _cTyler Nordgren |
|
| 260 |
_aNew York _bSpringer _c2010 |
||
| 300 | _axii, 444p. | ||
| 650 |
_aAstronomy _980 |
||
| 650 |
_aBlack holes _97728 |
||
| 650 | _aStars | ||
| 942 | _cBK | ||
| 999 |
_c17854 _d17854 |
||